000 00983nam a2200265 a 4500
001 000041613
005 20201002035651.0
008 131014s2004 sp 001 0 spa d
020 _a8447208222
020 _a8400082559
020 _a8477982058
040 _aDO-SdBNP
_bspa
_cBNPHU
082 _axxxx
_bxxx
100 1 _aSerrano Álvarez, José Manuel
_968389
245 1 0 _aFortificaciones y Tropas. El gasto militar en tierra firme, 1700-1788 /
_cJosé Manuel Serrano Álvarez.
260 _aSevilla, :
_bSecretariado de Publicaciones de la Universidad de Sevilla
_bConsejo Superior de Investigaciones Científicas,
_bDiputación de Sevilla,
_c2004.
300 _a410 p. ;
_c24 cm.
490 1 _aHistoria y geografía
_v95
490 1 _aNuestra América
_v14
504 _aBibliografía p: 395-401
500 _aIncluye índice analítico
500 _aIncluye notas al pie de página
830 0 _aHistoria y geografía
_v95
_968390
830 0 _aNuestra América
_v14
_94552
999 _c41103
_d41103